Harry Potter A-Z - Statistics

General Stats
  • This quiz has been taken 96 times
  • The average score is 21 of 26
Answer Stats
Letter Hint Answer % Correct
A Charm to Unlock Alohomora
96%
B Hagrid's Pet Hippogriff Buckbeak
92%
G Hogwarts House Gryffindor
92%
H Harry's Owl Hedwig
92%
J Author J.K. Rowling
91%
K Avada Kedavra is Also Known as The ... Killing Curse
91%
O 5th Book Order of the Phoenix
89%
W George's Last Name Weasley
89%
M Killed by the Basilisk Moaning Myrtle/Myrtle Warren
88%
N Lupin's Wife Nymphadora Tonks
88%
R Pettigrew's Animagus/Patronas Rat
88%
Y Ball they Went to in 4th Year Yule
88%
E One of the Deathly Hallows Elder Wand
86%
F Dumbledore's Phoenix Fawkes
86%
I Headmaster of Durmstrnang Institute Igor Karakoff
86%
X Luna's Dad Xenophilius
84%
C Unforgivable... Curses
82%
U Country HP was Shot in United Kingdom
82%
T Letter N's Last Name Tonks
81%
Z Blaise's Last Name Zabini
80%
D Colin Creevy's Brother Dennis Creevy
78%
P Quirrel/Voldemort was After it Philosopher's Stone
77%
Q Quirrel's First Name Quirinus
74%
S Spell That Makes You Bleed Created by Snape Sectumsempra
74%
L Shaped Scar Harry Has on His Forhead Lightning Bolt
57%
V Spell Used to Transform an Animal Into a Glass Vera Verto
36%
No matching quizzes found
Score Distribution
Percent of People with Each Score
Percentile by Number Answered
Your Score History
You have not taken this quiz